Actitud del cristianismo ante el imperio romano
保存先:
| 第一著者: | |
|---|---|
| フォーマット: | 図書 |
| 言語: | スペイン語 |
| 出版事項: |
Granada
Comares
1999
|
| シリーズ: | Colección Derecho Romano y Ciencia Jurídica Europea. Sección Libra, 7
|
| 主題: | |
| タグ: |
タグ追加
タグなし, このレコードへの初めてのタグを付けませんか!
|
MARC
| LEADER | 00000nam a2200000 a 4500 | ||
|---|---|---|---|
| 001 | UCN4936 | ||
| 003 | CL-VaPUC | ||
| 008 | 010817e19990000SP |||||||||||||||||spa|d | ||
| 082 | 0 | 4 | |a 340.54 |b CHU |2 21 |
| 100 | 0 | |a Churruca, Juan de |e author |9 461068 | |
| 245 | 1 | 0 | |a Actitud del cristianismo ante el imperio romano |
| 300 | |a 121 p | ||
| 942 | |c BK | ||
| 945 | |d 20010817 00:00:00 |a vberengu | ||
| 260 | |a Granada |b Comares |c 1999 | ||
| 650 | 7 | |a CRISTIANISMO - HISTORIA |2 CL-VaPUC |9 257077 | |
| 650 | 0 | |a Imperio Romano |9 322785 | |
| 651 | 0 | |a Roma |9 255106 | |
| 583 | |a last modification |c 20010817 00:00:00 |k Rodrigo Vera | ||
| 490 | 0 | |a Colección Derecho Romano y Ciencia Jurídica Europea. Sección Libra, 7 | |
| 999 | |c 296775 |d 296773 | ||
| 952 | |0 0 |1 0 |4 0 |6 340_540000000000000_CHU_1999 |7 0 |8 DER_ROM |9 350943 |a BIBDER |b BIBDER |d 2019-11-20 |i 3748529 |l 1 |o 340.54 CHU 1999 |p 3748529 |r 2023-01-25 |s 2020-03-19 |w 2019-11-20 |x Ubicación 4to piso |y BK |z Este recurso debe solicitarse con anticipación |k DER | ||